| 000 | nam a22 7a 4500 | ||
|---|---|---|---|
| 999 |
_c16166 _d16166 |
||
| 008 | 161108b xxu||||| |||| 00| 0 eng d | ||
| 020 | _a0072323493 | ||
| 050 | _aHQ 796 .S26 2001 | ||
| 100 | _aSantrock, John W. | ||
| 245 |
_aAdolescence/ _cJohn W. Santrock. |
||
| 250 | _a8th ed. | ||
| 260 |
_aBoston : _bMcGraw -Hill , _c2001. |
||
| 300 |
_axxix, 497p. : _bill. ; _c28cm. |
||
| 500 | _aInclude bibliographies and index. | ||
| 650 | _aAdolescence. | ||
| 650 | _aAdolescent psychology. | ||
| 942 |
_2lcc _cBOOKS _hHQ 796 .S26 2001 |
||